000 00512nam a2200169Ia 4500
008 090711s9999 xx 000 0 und d
082 _b80516
100 _aिSाात्ळे बाळ
245 _aवैमानिक गूढकथा
260 _c1970
300 _a157
600 _aिSाात्ळे बाळ
630 _aवैमानिक गूढकथा
700 _aिSाात्ळे बाळ
730 _aवैमानिक गूढकथा
942 _cBOOK
999 _c305261
_d305261